000 00315nam a2200109Ia 4500
008 241014s9999||||xx |||||||||||||| ||und||
020 _a978-142004387-7
100 _aWilliams.Robert O
245 0 _aAdvanced Drug Formulation Design to Optimize Tharapeatice Outcomes
260 _bInforma healthcare
942 _bDCOP
_cBK
999 _c4063
_d4063